Datum a čas kvízu
25.5
Celkem bodů
Celkový počet nahraných bodů na tomto kvízu bez doplňovacích otázek.
12.
Pořadí na kvízu
Konečné umístění týmu na tomto kvízu.
Zaznamenané odpovědi
| # | Otázka | Odpověď | Body | Výsledky |
|---|---|---|---|---|
| 1. | Na Úřadu vlády se minulý týden... | 0 | ||
| 2. | Zmatek a nepochopení vyvolal m... | 0 | ||
| 3. | První jmenování Jana Buriana d... | 0 | ||
| 4. | Po celé republice projde důkla... | 0 | ||
| 5. | Jak se jmenuje česká sportovky... | 0 | ||
| 6. | Rodné číslo je jednoznačný čís... | 0 | ||
| 7. | Historie přidělování rodných č... | 0 | ||
| 8. | Která z uvedených kombinací NE... | 1 | ||
| 9. | Změna rodného čísla během živo... | 0 | ||
| 10. | S rodnými čísly souvisí i obča... | 1 |